<?xml version="1.0" encoding="UTF-8"?>
<record
    xmlns:xsi="http://www.w3.org/2001/XMLSchema-instance"
    xsi:schemaLocation="http://www.loc.gov/MARC21/slim http://www.loc.gov/standards/marcxml/schema/MARC21slim.xsd"
    xmlns="http://www.loc.gov/MARC21/slim">

  <leader>01902nam a2200397 a 4500</leader>
  <controlfield tag="005">20240507094050.0</controlfield>
  <controlfield tag="008">100811t2003||||fr a   f |||| 001 0 spa d</controlfield>
  <datafield tag="020" ind1=" " ind2=" ">
    <subfield code="a">2914365136</subfield>
  </datafield>
  <datafield tag="041" ind1=" " ind2=" ">
    <subfield code="a">spa</subfield>
  </datafield>
  <datafield tag="092" ind1=" " ind2=" ">
    <subfield code="c">616.9</subfield>
    <subfield code="l">10</subfield>
    <subfield code="s">CAM</subfield>
  </datafield>
  <datafield tag="100" ind1="1" ind2=" ">
    <subfield code="a">Caminero Luna, Jos&#xE9; A.</subfield>
    <subfield code="9">3767</subfield>
  </datafield>
  <datafield tag="245" ind1=" " ind2=" ">
    <subfield code="a">Gu&#xED;a de la tuberculosis para M&#xE9;dicos Especialistas /</subfield>
    <subfield code="c">Jos&#xE9; A. Caminero Luna</subfield>
  </datafield>
  <datafield tag="250" ind1=" " ind2=" ">
    <subfield code="a">1a ed.</subfield>
  </datafield>
  <datafield tag="260" ind1=" " ind2=" ">
    <subfield code="a">Francia: </subfield>
    <subfield code="b">UICTER - Uni&#xF3;n Internacional Contra la Tuberculosis y Enfermedades Respiratorias;</subfield>
    <subfield code="c">2003.</subfield>
  </datafield>
  <datafield tag="300" ind1=" " ind2=" ">
    <subfield code="a">389 p.</subfield>
  </datafield>
  <datafield tag="500" ind1=" " ind2=" ">
    <subfield code="a">Caminero Luna, J. A. (2003). Gu&#xED;a de tuberculosis para m&#xE9;dicos especialistas. (1a ed.). Francia : UICTER.</subfield>
  </datafield>
  <datafield tag="653" ind1=" " ind2=" ">
    <subfield code="a">Justicicaci&#xF3;n de la gu&#xED;a. La necesidad del trabajo conjutno de los programas de control de la tuberculosis con los m&#xE9;dicos especialistas</subfield>
  </datafield>
  <datafield tag="653" ind1=" " ind2=" ">
    <subfield code="a">Importancia de las acciones del m&#xE9;dico especialista y de su adecuada integracion en las estrategias de un programa de control de la tuberculosis</subfield>
  </datafield>
  <datafield tag="653" ind1=" " ind2=" ">
    <subfield code="a">Breves rese&#xF1;as hist&#xF3;ricas sobre la tuberculosis</subfield>
  </datafield>
  <datafield tag="653" ind1=" " ind2=" ">
    <subfield code="a">Epidemiolog&#xED;a de la tuberculosis</subfield>
  </datafield>
  <datafield tag="653" ind1=" " ind2=" ">
    <subfield code="a">Patogenia de la tuberculosis. Infecci&#xF3;n y enfermedad</subfield>
  </datafield>
  <datafield tag="653" ind1=" " ind2=" ">
    <subfield code="a">Diagn&#xF3;stico de la infecci&#xF3;n tuberculosa. Prueba de la tuberculina</subfield>
  </datafield>
  <datafield tag="653" ind1=" " ind2=" ">
    <subfield code="a">Diagn&#xF3;stico de la tuberculosis</subfield>
  </datafield>
  <datafield tag="653" ind1=" " ind2=" ">
    <subfield code="a">M&#xE9;todos no convencionales y nuevas t&#xE9;cnicas en el diagn&#xF3;stico de la tuberculosis</subfield>
  </datafield>
  <datafield tag="653" ind1=" " ind2=" ">
    <subfield code="a">Tratamiento de la tuberculosis</subfield>
  </datafield>
  <datafield tag="653" ind1=" " ind2=" ">
    <subfield code="a">Retratamiento de la tuberculosis</subfield>
  </datafield>
  <datafield tag="653" ind1=" " ind2=" ">
    <subfield code="a">Resistencia de M. Tuberculosis a f&#xE1;rmacos antituberculosos</subfield>
  </datafield>
  <datafield tag="653" ind1=" " ind2=" ">
    <subfield code="a">Control de la tuberculosis</subfield>
  </datafield>
  <datafield tag="653" ind1=" " ind2=" ">
    <subfield code="a">Prevenci&#xF3;n de la tuberculosis</subfield>
  </datafield>
  <datafield tag="653" ind1=" " ind2=" ">
    <subfield code="a">Tuberculosis infantil</subfield>
  </datafield>
  <datafield tag="653" ind1=" " ind2=" ">
    <subfield code="a">Tuberculosis en el paciente anciano</subfield>
  </datafield>
  <datafield tag="653" ind1=" " ind2=" ">
    <subfield code="a">Tuberculosis y SIDA</subfield>
  </datafield>
  <datafield tag="653" ind1=" " ind2=" ">
    <subfield code="a">Tuberculosis extrapulmonar</subfield>
  </datafield>
  <datafield tag="653" ind1=" " ind2=" ">
    <subfield code="a">Enfermedades producidas por micobacterias ambientales</subfield>
  </datafield>
  <datafield tag="942" ind1=" " ind2=" ">
    <subfield code="2">ddc</subfield>
    <subfield code="c">BK</subfield>
  </datafield>
  <datafield tag="999" ind1=" " ind2=" ">
    <subfield code="c">2180</subfield>
    <subfield code="d">2180</subfield>
  </datafield>
  <datafield tag="952" ind1=" " ind2=" ">
    <subfield code="0">0</subfield>
    <subfield code="1">0</subfield>
    <subfield code="2">ddc</subfield>
    <subfield code="4">0</subfield>
    <subfield code="7">0</subfield>
    <subfield code="a">BFM</subfield>
    <subfield code="b">BFM</subfield>
    <subfield code="c">CR</subfield>
    <subfield code="d">2015-08-05</subfield>
    <subfield code="e">Donaci&#xF3;n Agosto 2015</subfield>
    <subfield code="l">0</subfield>
    <subfield code="o">616.9 10 CAM</subfield>
    <subfield code="p">3512</subfield>
    <subfield code="r">2015-08-05</subfield>
    <subfield code="t">Ej.1</subfield>
    <subfield code="w">2015-08-05</subfield>
    <subfield code="y">BK</subfield>
    <subfield code="z">Donaci&#xF3;n Agosto 2015</subfield>
  </datafield>
</record>
